[Event "GER GM05-B email"]
[Site "GER email"]
[Date "2016.06.26"]
[Round "?"]
[White "Dosi, Alberto"]
[Black "Pappier, Carlos Guillermo"]
[Result "1-0"]
[WhiteElo "2537"]
[BlackElo "2512"]
[PlyCount "45"]
[EventDate "2016.??.??"]
[EventType "tourn (corr)"]
[EventRounds "13"]
[EventCountry "GER"]
[SourceTitle "Corr 2017"]
[Source "ChessBase"]
[SourceDate "2017.09.19"]
[SourceVersion "1"]
[SourceVersionDate "2017.09.19"]
[SourceQuality "1"]

1. e4 c5 2. Nf3 Nc6 3. Nc3 e5 4. Bc4 Be7 5. d3 Nf6 6. Nd2 d6 7. Nf1 Bg4 8. f3 Be6 9. Ne3 0-0 10. 0-0 Nh5 11. Ncd5 Bg5 12. g3 Bxe3+ 13. Bxe3 Na5 14. b3 Rb8 15. f4 Nxc4 16. bxc4 exf4 17. gxf4 Bxd5 18. cxd5 Nf6 19. f5 Qe7 20. Rf3 Ng4 21. Bf4 Ne5 22. Rh3 g6 23. Bh6 1-0

[Event "GER GM05-B email"]
[Site "GER email"]
[Date "2016.06.26"]
[Round "?"]
[White "Percze, Janos"]
[Black "Dosi, Alberto"]
[Result "1/2-1/2"]
[WhiteElo "2533"]
[BlackElo "2537"]
[PlyCount "132"]
[EventDate "2016.??.??"]
[EventType "tourn (corr)"]
[EventRounds "13"]
[EventCountry "GER"]
[SourceTitle "Corr 2020"]
[Source "ChessBase"]
[SourceDate "2019.09.30"]
[SourceVersion "1"]
[SourceVersionDate "2019.09.30"]
[SourceQuality "1"]

1. d4 d5 2. c4 c6 3. cxd5 cxd5 4. Bf4 Nc6 5. e3 Nf6 6. Nc3 a6 7. Be2 Bf5 8. g4 Be4 9. f3 Bg6 10. h4 h6 11. Rc1 Rc8 12. Nh3 e6 13. Bg3 Bd6 14. Nf4 h5 15. g5 Ng8 16. Kf2 Nge7 17. Kg1 0-0 18. Nxg6 fxg6 19. f4 Nf5 20. Bf2 Qb6 21. Na4 Qa5 22. Kg2 b5 23. Nc5 Qxa2 24. Qb3 Qxb3 25. Nxb3 Rfe8 26. Ra1 Nb4 27. Rhc1 Kf7 28. Kf3 Rxc1 29. Rxc1 Ra8 30. Be1 Ke7 31. Bf1 a5 32. Nc5 Rf8 33. Bd2 Nxh4+ 34. Kf2 Nf5 35. Kf3 Ra8 36. Bxb4 axb4 37. Nb3 Ra2 38. Rc2 Kf7 39. Rh2 Ra8 40. Bxb5 Ra7 41. Rc2 Ra2 42. Rh2 Kf8 43. Bd3 Ne7 44. Bb1 Ra8 45. Rh1 Kf7 46. Bd3 Nf5 47. Ra1 Rxa1 48. Nxa1 Ke7 49. Bxf5 gxf5 50. b3 Kd7 51. Nc2 Be7 52. Kg3 g6 53. Ne1 Bd6 54. Nf3 Ke7 55. Ne5 Bxe5 56. fxe5 Kd7 57. Kg2 Kc6 58. Kg3 Kd7 59. Kh2 Ke7 60. Kg2 Kf8 61. Kg3 Kf7 62. Kg2 Kg7 63. Kg3 Kh7 64. Kg2 Kh8 65. Kh1 Kg8 66. Kg1 h4 1/2-1/2